| 000 | 01456nam0a2200361 4500 | ||
|---|---|---|---|
| 001 | RU\NLR\bibl\62456 | ||
| 005 | 20260407013400.0 | ||
| 010 |
_a5-201-08803-1 _9100 |
||
| 021 |
_aRU _b99-30593 _91491 |
||
| 035 | _a(NLR Aleph) 000060944 | ||
| 090 |
_a331928 _c331928 |
||
| 100 | _a19991207d1999 |||y0rusy50 ca | ||
| 101 | 0 |
_arus _deng |
|
| 102 | _aRU | ||
| 105 | _aa ||||||||| | ||
| 200 | 1 |
_aМатричные методы и вычисления _eСб. науч. тр. _fРос. акад. наук, Ин-т вычисл. математики _gПод ред. Е.Е. Тыртышникова |
|
| 210 |
_aМ. _cИВМ _d1999 |
||
| 215 |
_a207,[1] с. _cил. _d21 |
||
| 300 | _aРез. на англ. яз. | ||
| 320 | _aБиблиогр. в конце ст. | ||
| 606 | 0 |
_aСтруктурированные матрицы _jСборники _92137402 _3RU\NLR\auth\661288674 |
|
| 606 | 0 |
_aМатричные вычисления _jСборники _92137411 _3RU\NLR\auth\661288677 |
|
| 686 | _aВ152.232я43 | ||
| 686 | _aВ192.161я43 | ||
| 702 | 1 |
_aТыртышников _bЕ. Е. _4340 |
|
| 711 | 0 | 2 |
_aИнститут вычислительной математики _cМосква _3RU\NLR\AUTH\8810001424 _9500024 |
| 801 | 0 |
_aRU _bNLR _c19991207 _gPSBO |
|
| 801 | 1 |
_aRU _bNLR _c19991207 |
|
| 852 |
_aNLR _j99-3/15655 |
||
| 942 | _cBOOK | ||
| 980 | _aNB | ||